[Event "42nd Olympiad 2016"]
[Site "Baku AZE"]
[Date "2016.09.09"]
[Round "7.13"]
[Board "4"]
[White "Fernandez, Fernando"]
[Black "Latorre, Matias"]
[Result "1/2-1/2"]
[BlackTitle "FM"]
[WhiteElo "2410"]
[BlackElo "2318"]
[WhiteTeam "Peru"]
[BlackTeam "Paraguay"]
[WhiteFideId "3802299"]
[BlackFideId "3701107"]
[EventDate "2016.09.02"]

1. d4 Nf6 2. Nf3 d5 3. c4 e6 4. Nc3 dxc4 5. Qa4+ Nbd7 6. g3 a6 7. Bg2 Be7 8.
Qxc4 b5 9. Qd3 Bb7 10. O-O c5 11. dxc5 Nxc5 12. Qxd8+ Rxd8 13. Ne5 Bxg2 14. Kxg2
Bd6 15. Nf3 Ke7 16. Be3 Rc8 17. Rac1 Rc7 18. Rfd1 Rhc8 19. Rxd6 Kxd6 20. Bf4+
Ke7 21. Bxc7 Rxc7 22. Nb1 Nd5 23. Nfd2 Na4 24. Rxc7+ Nxc7 25. b3 Nb6 26. f4 e5
27. Kf3 exf4 28. gxf4 f5 29. e4 Ke6 30. Nc3 h6 31. Ne2 fxe4+ 32. Kxe4 Ne8 33.
Nd4+ Kf6 34. Nc6 Ke6 35. Nd4+ Kf6 36. Nc6 Ke6 37. Nb4 Nc7 38. Nf3 Nd7 39. Nd4+
Kf7 40. Ndc6 Ke6 41. Nd4+ Kf7 42. h3 a5 43. Nd3 Kf6 44. Nc6 a4 45. Nce5 Nb6 46.
Ng4+ Ke6 47. f5+ Kd6 48. f6 gxf6 49. Nxh6 Ncd5 50. Nf5+ Kd7 51. Nc1 Nc3+ 52. Kd4
Nxa2 53. Nxa2 axb3 54. Nc3 Ke6 55. Ne3 f5 56. Nxb5 b2 57. Nc3 Kf6 58. Ned1 Kg5
59. Nxb2 Kh4 60. Ke5 Kxh3 61. Kxf5 1/2-1/2

[Event "42nd Olympiad 2016"]
[Site "Baku AZE"]
[Date "2016.09.09"]
[Round "7.14"]
[Board "1"]
[White "Zhigalko, Sergei"]
[Black "Nisipeanu, Liviu-Dieter"]
[Result "1/2-1/2"]
[WhiteTitle "GM"]
[BlackTitle "GM"]
[WhiteElo "2652"]
[BlackElo "2687"]
[WhiteTeam "Belarus"]
[BlackTeam "Germany"]
[WhiteFideId "13502956"]
[BlackFideId "1202758"]
[EventDate "2016.09.02"]

1. e4 e5 2. Bc4 Nf6 3. d3 c6 4. Nf3 Be7 5. Bb3 O-O 6. O-O d6 7. Re1 Nbd7 8. c3
b5 9. Nbd2 a5 10. d4 a4 11. Bc2 Re8 12. Nf1 Bf8 13. Ng3 g6 14. h3 Bb7 15. Bg5 h6
16. Be3 Bg7 17. Qd2 Kh7 18. Rad1 Qc7 19. Bd3 Nb6 20. Qc2 Bc8 21. Nd2 Be6 22.
dxe5 dxe5 23. c4 bxc4 24. Nxc4 Nxc4 25. Bxc4 Qe7 26. Rc1 Bxc4 27. Qxc4 Qe6 28.
Re2 h5 29. a3 Bh6 30. Nf1 Qxc4 31. Rxc4 Ra6 32. Rec2 Rd8 33. f3 Rd6 34. h4 Nd7
35. Kf2 Nf8 36. Bc5 Rd7 37. Bb4 Ne6 38. Rxc6 Rxc6 39. Rxc6 Nf4 40. Bc3 Nd3+ 41.
Kg1 Rb7 42. Ra6 Bc1 43. Rxa4 Bxb2 44. Bxb2 Rxb2 45. Ne3 Nf4 46. Rb4 Ra2 47. Rb3
Kg7 48. Kh1 Ra1+ 49. Kh2 Ra2 50. Rc3 Re2 51. Kh1 Re1+ 52. Kh2 Re2 53. Rb3 Ra2
54. Rb7 Kf8 55. Rb3 1/2-1/2

[Event "42nd Olympiad 2016"]
[Site "Baku AZE"]
[Date "2016.09.09"]
[Round "7.14"]
[Board "2"]
[White "Meier, Georg"]
[Black "Kovalev, Vladislav"]
[Result "1-0"]
[WhiteTitle "GM"]
[BlackTitle "GM"]
[WhiteElo "2654"]
[BlackElo "2599"]
[WhiteTeam "Germany"]
[BlackTeam "Belarus"]
[WhiteFideId "4675789"]
[BlackFideId "13504398"]
[EventDate "2016.09.02"]

1. Nf3 Nf6 2. g3 g6 3. Bg2 Bg7 4. O-O O-O 5. d4 c5 6. c4 cxd4 7. Nxd4 Nc6 8. Nc3
d6 9. Nxc6 bxc6 10. Bxc6 Rb8 11. Bg2 Qa5 12. Qd2 Be6 13. b3 Rxb3 14. axb3 Qxa1
15. Nb5 a6 16. Na7 Qb1 17. Qb4 Qa2 18. Nc6 Re8 19. e4 Nd7 20. Bg5 Nc5 21. e5 Nd3
22. Nxe7+ Kh8 23. Qxd6 Qxb3 24. Bf6 Nb2 25. Qd2 1-0

[Event "42nd Olympiad 2016"]
[Site "Baku AZE"]
[Date "2016.09.09"]
[Round "7.14"]
[Board "4"]
[White "Buhmann, Rainer"]
[Black "Aleksandrov, Aleksej"]
[Result "0-1"]
[WhiteTitle "GM"]
[BlackTitle "GM"]
[WhiteElo "2640"]
[BlackElo "2547"]
[WhiteTeam "Germany"]
[BlackTeam "Belarus"]
[WhiteFideId "4651340"]
[BlackFideId "13500139"]
[EventDate "2016.09.02"]

1. d4 Nf6 2. c4 e6 3. Nf3 d5 4. Nc3 c5 5. cxd5 Nxd5 6. e4 Nxc3 7. bxc3 cxd4 8.
cxd4 Bb4+ 9. Bd2 Bxd2+ 10. Qxd2 O-O 11. Be2 b6 12. O-O Bb7 13. Qe3 Nc6 14. Rad1
Rc8 15. Bd3 Qe7 16. Bb1 Rfd8 17. Rfe1 Na5 18. h4 h6 19. h5 Nc4 20. Qf4 Na3 21.
Bd3 Nc2 22. Bxc2 Rxc2 23. d5 exd5 24. Nd4 Rc4 25. e5 Bc8 26. Re3 Be6 27. Rg3 Kh8
28. Qd2 Rdc8 29. Re3 Qh4 30. Nxe6 fxe6 31. Rh3 Qg4 32. Re1 Rc2 33. Qd3 Rxa2 34.
Qb5 Rf8 35. Rf1 Rg8 36. Qd7 Re2 37. Re3 Rxe3 38. fxe3 a5 39. Rf4 Qg3 0-1

[Event "42nd Olympiad 2016"]
[Site "Baku AZE"]
[Date "2016.09.09"]
[Round "7.15"]
[Board "1"]
[White "Rapport, Richard"]
[Black "Pelletier, Yannick"]
[Result "0-1"]
[WhiteTitle "GM"]
[BlackTitle "GM"]
[WhiteElo "2752"]
[BlackElo "2555"]
[WhiteTeam "Hungary"]
[BlackTeam "Switzerland"]
[WhiteFideId "738590"]
[BlackFideId "1301837"]
[EventDate "2016.09.02"]

1. d4 Nf6 2. Bg5 e6 3. Nc3 h6 4. Bxf6 Qxf6 5. Qd2 Bb4 6. a3 Bxc3 7. Qxc3 Nc6 8.
Nf3 b6 9. e3 Bb7 10. Bb5 Rc8 11. e4 O-O 12. O-O Nb8 13. Qe3 c5 14. Rad1 cxd4 15.
Nxd4 e5 16. Nf5 d5 17. f4 Rxc2 18. Qg3 Rxb2 19. Rf3 exf4 20. Rxf4 Bc8 21. e5
Qxf5 22. Rxf5 Bxf5 23. Bd3 Be6 24. Rc1 Nd7 25. Bc2 Nc5 26. Qc3 Ra2 27. Bb1 d4
28. Qb4 Rd8 29. Bxa2 Bxa2 30. Rd1 d3 31. Rd2 Be6 32. a4 Rd5 33. h3 Nd7 34. Qe7
Kh7 35. Rd1 a5 36. Qd8 Nc5 37. Qxb6 Nxa4 38. Qe3 Nc5 39. Rc1 Nd7 40. h4 h5 41.
g4 hxg4 42. Qe4+ Kg8 43. Rc8+ Nf8 44. Rc1 d2 45. Rd1 Ng6 46. h5 Nxe5 47. Kg2 Nf3
48. Kg3 Rxh5 49. Rb1 g6 50. Rb8+ Kg7 51. Rd8 Rc5 52. Qb1 Rc8 53. Qb2+ Kh6 54.
Rd3 Kh7 55. Qf6 a4 56. Rd6 Bb3 57. Rd7 Kg8 58. Qa1 d1=Q 59. Rxd1 Bxd1 60. Qxd1
Rc4 61. Qd8+ Kg7 62. Qd3 Ne5 63. Qe3 f6 64. Kh4 Rf4 65. Kg3 Rf3+ 66. Kh4 Rh3+ 0-1

[Event "42nd Olympiad 2016"]
[Site "Baku AZE"]
[Date "2016.09.09"]
[Round "7.15"]
[Board "2"]
[White "Bogner, Sebastian"]
[Black "Berkes, Ferenc"]
[Result "0-1"]
[WhiteTitle "GM"]
[BlackTitle "GM"]
[WhiteElo "2559"]
[BlackElo "2640"]
[WhiteTeam "Switzerland"]
[BlackTeam "Hungary"]
[WhiteFideId "4692055"]
[BlackFideId "718572"]
[EventDate "2016.09.02"]

1. d4 Nf6 2. c4 g6 3. Nc3 Bg7 4. e4 d6 5. Nf3 O-O 6. Be2 e5 7. O-O Qe8 8. dxe5
dxe5 9. b4 Bg4 10. b5 Bxf3 11. Bxf3 Qe6 12. Qb3 Nbd7 13. Be3 c6 14. c5 Qe7 15.
Na4 Rfc8 16. Rab1 Nf8 17. Rfd1 Ne6 18. bxc6 bxc6 19. Qb7 Qf8 20. Qb2 Rab8 21.
Qc3 h5 22. Nb2 Rc7 23. Nc4 Rxb1 24. Rxb1 Nd7 25. Qd2 Ndxc5 26. Qd6 Qxd6 27. Nxd6
Nd4 28. Rb8+ Kh7 29. Rc8 Rxc8 30. Nxc8 a6 31. Bxd4 exd4 32. Ne7 Na4 33. Nxc6 Nb2
34. Nb4 d3 35. Nxa6 d2 36. Nb4 d1=Q+ 37. Bxd1 Nxd1 38. Kf1 Nc3 39. f3 Bf8 40.
Nd5 Nxa2 41. g3 Nb4 42. Nxb4 Bxb4 43. Kg2 g5 0-1

[Event "42nd Olympiad 2016"]
[Site "Baku AZE"]
[Date "2016.09.09"]
[Round "7.15"]
[Board "3"]
[White "Almasi, Zoltan"]
[Black "Georgiadis, Nico"]
[Result "1-0"]
[WhiteTitle "GM"]
[BlackTitle "IM"]
[WhiteElo "2684"]
[BlackElo "2475"]
[WhiteTeam "Hungary"]
[BlackTeam "Switzerland"]
[WhiteFideId "702293"]
[BlackFideId "1300113"]
[EventDate "2016.09.02"]

1. Nf3 Nf6 2. g3 g6 3. Bg2 Bg7 4. c4 O-O 5. O-O d6 6. Nc3 e5 7. d3 a5 8. c5 Nc6
9. cxd6 cxd6 10. Be3 h6 11. Qb3 Nb4 12. a3 Be6 13. Qd1 Nbd5 14. Bd2 Ne7 15. Nb5
a4 16. Bb4 Ne8 17. Nd2 Qd7 18. Nc3 Ra6 19. e3 b5 20. Qe2 Nc7 21. Rfc1 Ncd5 22.
Nxd5 Nxd5 23. Ne4 Nxb4 24. axb4 Bb3 25. Rc3 Rb6 26. Rac1 f5 27. Rc7 Qd8 28. Nd2
Be6 29. Nb1 Rf7 30. R7c6 Rxc6 31. Rxc6 Rc7 32. Qc2 Rxc6 33. Qxc6 Qd7 34. Nc3 e4
35. Qxd7 Bxd7 36. d4 Bf8 37. Bf1 d5 38. Nxd5 Kf7 39. Nc7 Bxb4 40. Bxb5 Bxb5 41.
Nxb5 Ke6 42. Kf1 Kd5 43. Na3 g5 44. Ke2 Ba5 45. Nb1 h5 46. Nd2 g4 47. Kd1 Bb4
48. Kc2 Ba5 49. Nb1 Be1 50. Nc3+ Kc4 51. Nxa4 Bxf2 52. b3+ Kb4 53. Nc3 h4 54.
gxh4 Bxh4 55. Nd5+ Kb5 56. Kd2 Bf2 57. Ke2 Bg1 58. Ne7 Bxh2 59. Nxf5 Bc7 60. Kf2
Kc6 61. Nh6 g3+ 62. Kg2 Kb5 63. Nf5 Kb4 64. Nxg3 1-0

[Event "42nd Olympiad 2016"]
[Site "Baku AZE"]
[Date "2016.09.09"]
[Round "7.15"]
[Board "4"]
[White "Studer, Noel"]
[Black "Balogh, Csaba"]
[Result "0-1"]
[WhiteTitle "IM"]
[BlackTitle "GM"]
[WhiteElo "2445"]
[BlackElo "2614"]
[WhiteTeam "Switzerland"]
[BlackTeam "Hungary"]
[WhiteFideId "1319620"]
[BlackFideId "718939"]
[EventDate "2016.09.02"]

1. d4 d5 2. c4 dxc4 3. e3 Nf6 4. Bxc4 e6 5. Nf3 c5 6. O-O a6 7. Bb3 cxd4 8. exd4
Nc6 9. Nc3 Be7 10. Bg5 O-O 11. Qd2 Na5 12. Bc2 b5 13. Qd3 g6 14. Bh6 Re8 15. Ne5
Bb7 16. Rfe1 Nh5 17. Bd1 Bg5 18. Bxh5 Bxh6 19. Bf3 Bg7 20. Bxb7 Nxb7 21. Nxf7
Qxd4 22. Nh6+ Kh8 23. Nf7+ Kg8 24. Nh6+ Kh8 25. Qf3 Rf8 26. Nf7+ Kg8 27. Qxb7
Ra7 28. Qc6 Raxf7 29. Ne4 Qxb2 30. Qxe6 Bd4 31. Kh1 Bxf2 32. Rab1 Qd4 33. Rf1
Qc4 34. Nf6+ Kh8 35. Nd5 Rf5 36. Rbd1 Bd4 37. Rxf5 Rxf5 38. Qe8+ Kg7 39. Ne3
Bxe3 40. Rd7+ Rf7 41. Qe5+ Kg8 0-1

[Event "42nd Olympiad 2016"]
[Site "Baku AZE"]
[Date "2016.09.09"]
[Round "7.16"]
[Board "3"]
[White "Smirnov, Anton"]
[Black "Bartel, Mateusz"]
[Result "1/2-1/2"]
[WhiteTitle "IM"]
[BlackTitle "GM"]
[WhiteElo "2482"]
[BlackElo "2646"]
[WhiteTeam "Australia"]
[BlackTeam "Poland"]
[WhiteFideId "3208923"]
[BlackFideId "1112635"]
[EventDate "2016.09.02"]

1. e4 e5 2. Nf3 Nc6 3. Bb5 a6 4. Ba4 Nf6 5. O-O Be7 6. Re1 b5 7. Bb3 d6 8. c3
O-O 9. d4 Bg4 10. Be3 Bh5 11. Nbd2 d5 12. Bg5 exd4 13. exd5 dxc3 14. dxc6 cxd2
15. Qxd2 Qxd2 16. Bxd2 Bd6 17. Nh4 Bg6 18. Nxg6 hxg6 19. Re2 Rfe8 20. Rae1 Rxe2
21. Rxe2 a5 22. a3 Kf8 23. Bc3 a4 24. Bc2 Nd5 25. Bd2 b4 26. axb4 Nxb4 27. Bxb4
Bxb4 28. Re4 a3 29. bxa3 Bxa3 30. Ra4 Rxa4 1/2-1/2

[Event "42nd Olympiad 2016"]
[Site "Baku AZE"]
[Date "2016.09.09"]
[Round "7.16"]
[Board "4"]
[White "Swiercz, Dariusz"]
[Black "Illingworth, Max"]
[Result "1/2-1/2"]
[WhiteTitle "GM"]
[BlackTitle "GM"]
[WhiteElo "2639"]
[BlackElo "2458"]
[WhiteTeam "Poland"]
[BlackTeam "Australia"]
[WhiteFideId "1126881"]
[BlackFideId "3205207"]
[EventDate "2016.09.02"]

1. d4 e6 2. Nf3 c5 3. e3 Nf6 4. c4 a6 5. a3 d5 6. dxc5 Bxc5 7. b4 Ba7 8. Bb2 O-O
9. Nbd2 Nc6 10. Be2 Qe7 11. O-O Rd8 12. Qc2 Bd7 13. Rac1 Rac8 14. Qb1 dxc4 15.
Nxc4 Nd5 16. Qe4 Be8 17. Qg4 f6 18. e4 f5 19. exf5 exf5 20. Qg3 Bb8 21. Nce5
Nxe5 22. Rxc8 Rxc8 23. Nxe5 Rc2 24. Bf3 Bf7 25. Bxd5 Bxd5 26. Nc6 Bxc6 27. Qb3+
Kh8 28. Qxc2 Qh4 29. g3 Qh3 30. f3 Ba7+ 31. Rf2 f4 32. Qd2 Bxf2+ 33. Qxf2 1/2-1/2

[Event "42nd Olympiad 2016"]
[Site "Baku AZE"]
[Date "2016.09.09"]
[Round "7.17"]
[Board "1"]
[White "Ragger, Markus"]
[Black "Maze, Sebastien"]
[Result "1-0"]
[WhiteTitle "GM"]
[BlackTitle "GM"]
[WhiteElo "2697"]
[BlackElo "2617"]
[WhiteTeam "Austria"]
[BlackTeam "France"]
[WhiteFideId "1610856"]
[BlackFideId "613762"]
[EventDate "2016.09.02"]

1. d4 Nf6 2. c4 g6 3. Nc3 Bg7 4. e4 d6 5. Nf3 O-O 6. Be2 e5 7. O-O Nc6 8. d5 Ne7
9. Ne1 Nd7 10. Nd3 f5 11. f3 f4 12. Bd2 g5 13. Rc1 Ng6 14. c5 Nf6 15. Nb5 Rf7
16. Ba5 b6 17. cxd6 cxd6 18. Be1 g4 19. fxg4 Nxe4 20. Nb4 a6 21. Bf3 Ng3 22. Nc6
Qf8 23. Nxd6 Nxf1 24. Nxf7 Ne3 25. Qb3 Kxf7 26. h4 e4 27. Bxe4 Qe8 28. d6+ Be6
29. Qxb6 Rc8 30. h5 Nf8 31. g5 Nd7 32. Qb4 Kf8 33. h6 Bh8 34. Bc3 Bxc3 35. Qxc3
Qf7 36. Qd4 Qg8 37. Rc5 Nxc5 38. d7 Qxg5 39. Qh8+ Kf7 40. Qxh7+ Kf8 41. Qh8+ Kf7
42. Bg6+ Kxg6 43. Qg7+ Kh5 44. Qxg5+ Kxg5 45. dxc8=Q Bxc8 46. h7 Bb7 47. Nd4
Bxg2 48. h8=Q Ne4 49. Qe5+ 1-0

[Event "42nd Olympiad 2016"]
[Site "Baku AZE"]
[Date "2016.09.09"]
[Round "7.17"]
[Board "4"]
[White "Bauer, Christian"]
[Black "Dragnev, Valentin"]
[Result "1/2-1/2"]
[WhiteTitle "GM"]
[BlackTitle "IM"]
[WhiteElo "2623"]
[BlackElo "2430"]
[WhiteTeam "France"]
[BlackTeam "Austria"]
[WhiteFideId "603767"]
[BlackFideId "1634852"]
[EventDate "2016.09.02"]

1. b3 e5 2. Bb2 Nc6 3. e3 Nf6 4. c4 d5 5. cxd5 Nxd5 6. a3 Bd6 7. Qc2 O-O 8. Nf3
Qe7 9. d3 f5 10. Nbd2 Nf6 11. b4 e4 12. dxe4 fxe4 13. Bxf6 Qxf6 14. Qa2+ Be6 15.
Nxe4 Qg6 16. Bc4 Qxg2 17. Bxe6+ Kh8 18. Ned2 Rxf3 19. Nxf3 Qxf3 20. Bd5 Qh5 21.
Bg2 Rd8 22. Qe2 Qe5 23. Rc1 a5 24. f4 Qe7 25. O-O axb4 26. axb4 Bxb4 27. Kh1 Nd4
28. Qg4 Nb3 29. Rcd1 Nd2 30. Qg5 Qe8 31. Rg1 Be7 32. Qe5 Nc4 33. Rxd8 Qxd8 34.
Qc3 b5 35. Bf3 Bf6 36. Qc1 Qd3 37. Re1 b4 38. Qb1 Qxb1 39. Rxb1 c5 40. Re1 b3
41. Bd5 Bc3 42. Bxc4 Bxe1 43. Bxb3 Bd2 44. Kg2 Bxe3 45. f5 g5 46. fxg6 hxg6 47.
Kf3 Bd4 48. Ke4 Kg7 49. h3 Kf6 50. Kd3 Kg5 51. Be6 Kf4 52. Bd7 g5 53. Bg4 Bg1
54. Kc3 Ke4 55. Kc4 Bd4 56. Bh5 Kf4 57. Bd1 Kg3 58. Bg4 Kh2 59. Kd5 Kg3 60. Bc8
Kf4 61. Bd7 Kf3 62. Be6 Kg3 63. Kc4 Kf3 64. Kb3 Kf4 65. Bc8 Ke5 66. Bg4 Kf4 67.
Kc2 c4 68. Be6 Kg3 69. Bxc4 Kxh3 70. Be6+ g4 71. Bxg4+ Kxg4 1/2-1/2

[Event "42nd Olympiad 2016"]
[Site "Baku AZE"]
[Date "2016.09.09"]
[Round "7.18"]
[Board "1"]
[White "Dominguez Perez, Leinier"]
[Black "Grandelius, Nils"]
[Result "1/2-1/2"]
[WhiteTitle "GM"]
[BlackTitle "GM"]
[WhiteElo "2720"]
[BlackElo "2641"]
[WhiteTeam "Cuba"]
[BlackTeam "Sweden"]
[WhiteFideId "3503240"]
[BlackFideId "1710400"]
[EventDate "2016.09.02"]

1. e4 c5 2. Nf3 d6 3. d4 cxd4 4. Nxd4 Nf6 5. Nc3 a6 6. Be3 e6 7. f3 b5 8. Qd2 b4
9. Nd1 Be7 10. g4 h6 11. Rg1 g5 12. Nf2 e5 13. Nf5 Bxf5 14. gxf5 d5 15. exd5
Qxd5 16. Ne4 Qxd2+ 17. Bxd2 Nxe4 18. fxe4 Nd7 19. Bd3 Bc5 20. Rg2 Ke7 21. Ke2
Nf6 22. a3 a5 23. axb4 axb4 24. Rxa8 Rxa8 25. h4 gxh4 26. Rh2 Rg8 27. Be1 Nh5
28. Bxh4+ f6 29. Kf3 Nf4 30. Bb5 Rb8 31. Bc4 Rc8 32. b3 h5 33. Rd2 Rc6 34. Rd1
Rc7 35. Ra1 Ra7 36. Rd1 Ra2 37. Rc1 Nh3 38. Ke2 Nf4+ 39. Kf3 Nh3 40. Bd3 Ra8 41.
Kg2 Nf4+ 42. Kf3 Rg8 43. Rh1 Rd8 44. Rd1 Nh3 45. Kg2 Ng1 46. Rf1 Rg8+ 47. Kh2
Rg4 48. Be1 Kd6 49. Bxb4 Rh4+ 50. Kg3 Rg4+ 51. Kh2 Rh4+ 52. Kg3 1/2-1/2

[Event "42nd Olympiad 2016"]
[Site "Baku AZE"]
[Date "2016.09.09"]
[Round "7.18"]
[Board "2"]
[White "Blomqvist, Erik"]
[Black "Bruzon Batista, Lazaro"]
[Result "1/2-1/2"]
[WhiteTitle "GM"]
[BlackTitle "GM"]
[WhiteElo "2545"]
[BlackElo "2623"]
[WhiteTeam "Sweden"]
[BlackTeam "Cuba"]
[WhiteFideId "1709437"]
[BlackFideId "3503739"]
[EventDate "2016.09.02"]

1. Nf3 Nf6 2. c4 e6 3. g3 d5 4. Bg2 dxc4 5. Qa4+ Nbd7 6. Qxc4 c5 7. Qc2 b6 8.
Nc3 Bb7 9. O-O Rc8 10. Rd1 a6 11. d4 cxd4 12. Nxd4 Bxg2 13. Kxg2 Qc7 14. Qd3 b5
15. Bg5 Ne5 16. Qb1 Qb7+ 17. f3 Be7 18. Bxf6 gxf6 19. a4 b4 20. Qe4 Qc7 21. Na2
f5 22. Qf4 O-O 23. Rac1 Qb8 24. b3 Rfd8 25. Rxc8 Rxc8 26. Nc1 Bf8 27. Nd3 Bg7
28. Nxe5 Qxe5 29. Qxe5 Bxe5 30. f4 Bf6 31. Rd3 Kf8 32. Kf3 Ke7 33. Ke3 h5 34.
Nf3 Bc3 35. Nd2 Bxd2+ 36. Kxd2 a5 37. Re3 f6 38. Rd3 Rc5 39. Rd4 Rc3 40. Rd3 Rc8
41. Re3 Rc5 42. Rf3 Rc6 43. Rd3 Rc7 44. Re3 Rc8 45. Rd3 Rh8 46. h4 Rc8 47. Re3
Rc5 48. Rf3 Rd5+ 49. Rd3 Rc5 50. Rf3 Rc8 51. Rd3 Rg8 52. Rf3 Rd8+ 53. Rd3 Rg8
54. Rf3 1/2-1/2

[Event "42nd Olympiad 2016"]
[Site "Baku AZE"]
[Date "2016.09.09"]
[Round "7.18"]
[Board "3"]
[White "Quesada Perez, Yuniesky"]
[Black "Hillarp Persson, Tiger"]
[Result "1-0"]
[WhiteTitle "GM"]
[BlackTitle "GM"]
[WhiteElo "2636"]
[BlackElo "2523"]
[WhiteTeam "Cuba"]
[BlackTeam "Sweden"]
[WhiteFideId "3504409"]
[BlackFideId "1700812"]
[EventDate "2016.09.02"]

1. e4 g6 2. d4 Bg7 3. Nc3 d6 4. Be3 a6 5. Qd2 b5 6. h4 Nf6 7. f3 Nbd7 8. g4 h6
9. Nh3 Nb6 10. g5 hxg5 11. Nxg5 c6 12. O-O-O b4 13. Nb1 a5 14. Qg2 a4 15. c4 d5
16. c5 Nc4 17. Bxc4 dxc4 18. a3 Qa5 19. Qd2 c3 20. bxc3 bxc3 21. Qxc3 Qc7 22.
Nd2 Rb8 23. Bg1 Rb5 24. Bh2 Qa7 25. Be5 Bh6 26. Kc2 O-O 27. Rb1 Rxb1 28. Rxb1
Nh5 29. Rb8 Ba6 30. Rxf8+ Bxf8 31. Qb2 Qd7 32. Qa2 e6 33. Nc4 Qd8 34. Nd6 Bxd6
35. cxd6 Qb6 1-0

[Event "42nd Olympiad 2016"]
[Site "Baku AZE"]
[Date "2016.09.09"]
[Round "7.18"]
[Board "4"]
[White "Smith, Axel"]
[Black "Ortiz Suarez, Isan Reynaldo"]
[Result "1/2-1/2"]
[WhiteTitle "GM"]
[BlackTitle "GM"]
[WhiteElo "2516"]
[BlackElo "2581"]
[WhiteTeam "Sweden"]
[BlackTeam "Cuba"]
[WhiteFideId "1707930"]
[BlackFideId "3507165"]
[EventDate "2016.09.02"]

1. Nf3 c5 2. e3 g6 3. d4 Bg7 4. d5 Nf6 5. Nc3 O-O 6. Bc4 d6 7. O-O e5 8. e4 Ne8
9. Qe2 h6 10. Ne1 f5 11. exf5 gxf5 12. f4 Nd7 13. a4 e4 14. Ra3 Ndf6 15. g3 h5
16. Ng2 Qe7 17. Be3 Kh7 18. Bf2 Rg8 19. h3 Bh6 20. Kh1 Nc7 21. Rd1 Bd7 22. Nb5
Nce8 23. Nc3 Nc7 24. Nb5 Nce8 25. Rb3 Rg7 26. Kh2 Qd8 27. Nc3 Rb8 28. Bb5 Nc7
29. Bxd7 Qxd7 30. Nb5 Nxb5 31. axb5 Qf7 32. c4 b6 33. Be1 Rgg8 34. Ra1 Rb7 35.
Re3 Nd7 36. Bc3 Nf8 37. Rg1 Bg7 38. Bxg7 Rxg7 39. Nh4 Re7 40. Rg2 Kg8 41. Rg1
Kh7 42. Rg2 Kh8 43. Rg1 Rh7 44. Qd2 Ng6 45. Nxg6+ Qxg6 46. h4 Rhg7 47. Qe2 Kh7
48. Rg2 Kh6 49. Kh3 Re8 50. Kh2 Reg8 51. Kh3 a6 52. bxa6 Ra8 53. Ra3 Qg4+ 54.
Qxg4 hxg4+ 55. Kh2 Rga7 56. Rg1 Rxa6 57. Rga1 Ra5 58. Kg2 Kg6 59. Kf2 Rb8 60.
Ke2 Rba8 1/2-1/2

[Event "42nd Olympiad 2016"]
[Site "Baku AZE"]
[Date "2016.09.09"]
[Round "7.19"]
[Board "1"]
[White "Durarbayli, Vasif"]
[Black "Iturrizaga Bonelli, Eduardo"]
[Result "1/2-1/2"]
[WhiteTitle "GM"]
[BlackTitle "GM"]
[WhiteElo "2612"]
[BlackElo "2650"]
[WhiteTeam "Azerbaijan 2"]
[BlackTeam "Venezuela"]
[WhiteFideId "13402935"]
[BlackFideId "3901211"]
[EventDate "2016.09.02"]

1. e4 c5 2. Nf3 e6 3. d4 cxd4 4. Nxd4 Nc6 5. Nc3 Qc7 6. Be3 a6 7. Qf3 d6 8. Nxc6
bxc6 9. Be2 Rb8 10. O-O-O Nf6 11. Qg3 Be7 12. h4 h5 13. f4 g6 14. e5 Nd5 15.
Nxd5 exd5 16. exd6 Bxd6 17. Rhf1 Bf5 18. Bd4 O-O 19. Bxh5 Rfe8 20. Bg4 Bxg4 21.
Qxg4 Re4 22. b3 Bxf4+ 23. Rxf4 Rxf4 24. Qg5 Re8 25. Qh6 Rxd4 26. Rxd4 Qg3 27.
Qd2 Re1+ 28. Kb2 Rg1 29. Qe2 Re1 30. Rg4 Qxb3+ 31. axb3 Rxe2 32. h5 Re4 33. Rg3
Kg7 34. hxg6 fxg6 35. Rc3 Re6 36. Ka3 Kf6 37. Kb4 Ke7 38. Ka5 Kd7 39. Kb6 Re4
40. Rg3 Re2 41. c4 Rb2 42. c5 g5 43. Kxa6 g4 44. Kb6 Rb1 45. Ka5 Ke6 46. Kb6 Kd7
47. Re3 Rb2 48. Rg3 1/2-1/2

[Event "42nd Olympiad 2016"]
[Site "Baku AZE"]
[Date "2016.09.09"]
[Round "7.19"]
[Board "2"]
[White "Gascon Del Nogal, Jose Rafael"]
[Black "Bajarani, Ulvi"]
[Result "1-0"]
[WhiteTitle "IM"]
[BlackTitle "GM"]
[WhiteElo "2436"]
[BlackElo "2509"]
[WhiteTeam "Venezuela"]
[BlackTeam "Azerbaijan 2"]
[WhiteFideId "3902463"]
[BlackFideId "13403028"]
[EventDate "2016.09.02"]

1. e4 e6 2. d4 d5 3. Nc3 Nf6 4. e5 Nfd7 5. f4 c5 6. Nf3 Nc6 7. Be3 a6 8. Qd2 b5
9. dxc5 Bxc5 10. Bd3 Qb6 11. Bf2 h6 12. O-O O-O 13. Rae1 Bxf2+ 14. Rxf2 Nc5 15.
a3 Rd8 16. b4 Nxd3 17. Qxd3 Rb8 18. Ne2 d4 19. Ng3 a5 20. Rb1 axb4 21. axb4 Ne7
22. Rd2 Ng6 23. Nh5 Bb7 24. Nxd4 Rbc8 25. c3 Rc4 26. Rf1 Qc7 27. f5 exf5 28.
Qxf5 Nxe5 29. Re2 Ng6 30. Ne6 Bc8 31. Nxc7 Bxf5 32. Rxf5 Rxc7 33. Rxb5 Rxc3 34.
Rb7 Rb3 35. h3 Rd5 36. Re8+ 1-0

[Event "42nd Olympiad 2016"]
[Site "Baku AZE"]
[Date "2016.09.09"]
[Round "7.19"]
[Board "3"]
[White "Guseinov, Gadir"]
[Black "Palencia Morales, Wilson Guillermo"]
[Result "1-0"]
[WhiteTitle "GM"]
[BlackTitle "IM"]
[WhiteElo "2625"]
[BlackElo "2378"]
[WhiteTeam "Azerbaijan 2"]
[BlackTeam "Venezuela"]
[WhiteFideId "13401378"]
[BlackFideId "4401859"]
[EventDate "2016.09.02"]

1. e4 e5 2. Nf3 Nc6 3. Bb5 Nge7 4. Nc3 g6 5. d4 exd4 6. Nd5 Nxd5 7. exd5 Qe7+ 8.
Kf1 Ne5 9. Qxd4 Bg7 10. Bf4 f6 11. Re1 O-O 12. Nxe5 fxe5 13. Bxe5 Re8 14. f4 d6
15. Bxe8 dxe5 16. Bb5 Bd7 17. Bxd7 Qxd7 18. fxe5 Qf5+ 19. Kg1 Re8 20. Qd3 Rxe5
21. Qxf5 Rxf5 22. c3 Rxd5 23. Kf2 Rf5+ 24. Ke3 Be5 25. g3 Bd6 26. Rhf1 Rh5 27.
Re2 Re5+ 28. Kd3 Rd5+ 29. Kc2 Ra5 30. a3 Kg7 31. Re4 Rh5 32. Rf2 b6 33. b4 a5
34. Kb3 Rg5 35. Rd2 Kf7 36. Rf2+ Kg7 37. Rd4 Re5 38. Rfd2 axb4 39. axb4 Re6 40.
Kc4 Kf7 41. Rxd6 cxd6 42. Kb5 Ke7 43. Kxb6 Re3 44. Rc2 Kd7 45. b5 Re1 46. Ra2
Rc1 47. Ra7+ Ke6 48. Ra3 Kd7 49. Kb7 Rc2 50. h4 Rg2 51. b6 Rb2 52. Ra7 Ke6 53.
Kc6 Rb3 54. c4 Rb4 55. b7 Rxc4+ 56. Kb5 Rc1 57. Ra4 Rc5+ 58. Kb6 Rc1 59. Rb4 1-0